| 000 | 00925nam a22002537a 4500 | ||
|---|---|---|---|
| 005 | 20170124110241.0 | ||
| 010 | _a327357 | ||
| 020 |
_a817305293 _c1800.00 |
||
| 035 | _a327357 | ||
| 037 | _bCen Lib/Ret | ||
| 040 |
_aDPL _bEN |
||
| 082 |
_a954.084 _bSET |
||
| 100 |
_aSethi, R.R. _994990 |
||
| 245 |
_aThe Lahore darbar : _cby R.R. Sethi ; editde by G.L. Chopra _bin the light of the coreespondance of Sir C.M. Wade, 1823-1840 / |
||
| 260 |
_aPunjab _bPunjab Governement Record Office _c1947 |
||
| 270 |
_aPooja apartment, 4B, Ansari road, Daryaganj _bPunjab |
||
| 300 |
_aviii,404p.: _c23cm(Hb) _bill. |
||
| 490 | _aMonograph No 1. | ||
| 500 | _aIncludes index | ||
| 650 |
_aPunjab (India) -- History -- 19th century -- Sources _994991 |
||
| 650 |
_aBritish -- India -- Punjab -- History -- 19th century -- Sources _994992 |
||
| 700 |
_aChopra, R.R. _994993 |
||
| 942 |
_2ddc _cEN _h954.084 _mSET |
||
| 999 |
_c135175 _d135175 |
||